[Event "Subotica-ch op"]
[Site "Subotica"]
[Date "2020.03.09"]
[Round "7"]
[White "Vadoc, Karolj"]
[Black "Pajzer, Istvan"]
[Result "1-0"]
[WhiteElo "1880"]
[BlackElo "2061"]
[PlyCount "69"]
[EventDate "2020.02.24"]
[EventType "swiss"]
[EventRounds "9"]
[EventCountry "SRB"]
[SourceTitle "CBM 195 Extra"]
[Source "ChessBase"]
[SourceDate "2020.05.31"]
[SourceVersion "1"]
[SourceVersionDate "2020.05.31"]
[SourceQuality "1"]

1. e4 c5 2. Nf3 d6 3. d4 cxd4 4. Nxd4 Nf6 5. Nc3 a6 6. f4 Nbd7 7. Be2 e6 8. Bf3 Be7 9. 0-0 0-0 10. Kh1 Qc7 11. Be3 Nb6 12. Nde2 Nc4 13. Bc1 Bd7 14. b3 Na5 15. Bb2 Rac8 16. Rc1 b5 17. Ng3 Rfd8 18. Re1 Nc6 19. a3 Qb6 20. Nd5 exd5 21. exd5 Nxd5 22. Bxd5 Re8 23. Qh5 Nd8 24. Rxe7 Rxe7 25. Qg5 Re5 26. fxe5 h6 27. Qe7 Be6 28. Qe8+ Kh7 29. Bxe6 fxe6 30. Qd7 Rc5 31. exd6 Rg5 32. Qc7 Qe3 33. Qxd8 Rd5 34. Qf8 e5 35. Qxg7+ 1-0

[Event "Subotica-ch op"]
[Site "Subotica"]
[Date "2020.02.26"]
[Round "2"]
[White "Vadoc, Karolj"]
[Black "Kovacs Sztriko, Zoltan"]
[Result "1/2-1/2"]
[WhiteElo "1880"]
[BlackElo "2065"]
[PlyCount "94"]
[EventDate "2020.02.24"]
[EventType "swiss"]
[EventRounds "9"]
[EventCountry "SRB"]
[SourceTitle "CBM 195 Extra"]
[Source "ChessBase"]
[SourceDate "2020.05.31"]
[SourceVersion "1"]
[SourceVersionDate "2020.05.31"]
[SourceQuality "1"]

1. e4 c6 2. d4 d5 3. Nc3 dxe4 4. Nxe4 Bf5 5. Ng3 Bg6 6. Nf3 Nf6 7. Ne5 e6 8. c3 Nbd7 9. Nxg6 hxg6 10. Bd3 Bd6 11. Bg5 Qc7 12. Qf3 Qb6 13. 0-0-0 Qa5 14. Bxf6 Nxf6 15. Kb1 0-0-0 16. h3 Kb8 17. Ne4 Nxe4 18. Bxe4 Rd7 19. Rhe1 Rh5 20. Bd3 Qd8 21. Qe3 Qf6 22. Be2 Rh8 23. Bf3 Qf4 24. Qxf4 Bxf4 25. Kc2 Kc7 26. Rd3 b6 27. Red1 Rhd8 28. g3 Bd6 29. h4 c5 30. Bg2 cxd4 31. cxd4 Be7 32. f4 Bf6 33. d5 e5 34. fxe5 Bxe5 35. Re1 Kd6 36. Kb3 Rc7 37. Rde3 Re8 38. R1e2 Rc5 39. a4 Re7 40. Rc2 Rxc2 41. Kxc2 Rc7+ 42. Kb3 Rc1 43. g4 Rb1 44. Re2 Rc1 45. h5 gxh5 46. gxh5 Rc8 47. Rf2 Rc7 1/2-1/2

[Event "Subotica-ch op"]
[Site "Subotica"]
[Date "2017.03.13"]
[Round "9"]
[White "Vadoc, Karolj"]
[Black "Salgo, Sandor"]
[Result "0-1"]
[WhiteElo "1902"]
[BlackElo "2009"]
[PlyCount "88"]
[EventDate "2017.02.22"]
[EventType "swiss"]
[EventRounds "9"]
[EventCountry "SRB"]
[SourceTitle "CBM 177 Extra"]
[Source "ChessBase"]
[SourceDate "2017.04.27"]
[SourceVersion "1"]
[SourceVersionDate "2017.04.27"]
[SourceQuality "1"]

1. e4 d5 2. exd5 Qxd5 3. Nc3 Qa5 4. d4 Nf6 5. Nf3 Bg4 6. Be2 Nbd7 7. 0-0 c6 8. Ne5 Bxe2 9. Qxe2 e6 10. Nd3 Be7 11. Ne4 0-0 12. c3 Nxe4 13. Qxe4 Nf6 14. Qe2 Rad8 15. Re1 a6 16. Bf4 Rd5 17. Ne5 c5 18. Nf3 Rfd8 19. h3 cxd4 20. Nxd4 Qb6 21. Nb3 Rf5 22. Be3 Qc7 23. Nd4 Rfd5 24. Rad1 b5 25. Nf3 Qa5 26. a3 Qa4 27. Rxd5 Rxd5 28. Bd4 Ne8 29. Ne5 Qb3 30. Nxf7 Rxd4 31. cxd4 Kxf7 32. Qh5+ Kf8 33. Qxh7 Bf6 34. Qe4 a5 35. Re2 Kf7 36. Qb7+ Be7 37. Qe4 Nd6 38. Qf4+ Ke8 39. Qg4 Kd7 40. g3 Nf5 41. Rd2 Qd5 42. Qd1 Bf6 43. Qh5 Nxd4 44. Rd3 Qxh5 0-1

[Event "Senta op 20th"]
[Site "Senta"]
[Date "2016.07.28"]
[Round "8"]
[White "Sadovski, Nemanja"]
[Black "Vadoc, Karolj"]
[Result "0-1"]
[WhiteElo "2002"]
[BlackElo "1818"]
[PlyCount "74"]
[EventDate "2016.07.22"]
[EventType "swiss"]
[EventRounds "9"]
[EventCountry "SRB"]
[SourceTitle "EXT 2017"]
[Source "ChessBase"]
[SourceDate "2016.10.25"]
[SourceVersion "1"]
[SourceVersionDate "2016.10.25"]
[SourceQuality "1"]

1. d4 Nf6 2. Nf3 g6 3. Bf4 Bg7 4. c4 0-0 5. Nc3 d5 6. e3 c6 7. Bd3 Nbd7 8. 0-0 dxc4 9. Bxc4 e6 10. a4 b6 11. Qe2 Bb7 12. Rfd1 Re8 13. Rac1 h6 14. h3 Nd5 15. Bh2 N7f6 16. e4 Nxc3 17. bxc3 Qe7 18. Be5 Rad8 19. Bxf6 Bxf6 20. e5 Bg7 21. Ba6 Ba8 22. Nd2 Rd7 23. Ne4 Red8 24. f4 Rc7 25. Nd6 c5 26. Bd3 Bf8 27. Be4 Bxe4 28. Qxe4 Qh4 29. dxc5 Rxc5 30. Qb7 Qe7 31. Qf3 Rc7 32. Rd3 Qd7 33. Qd1 Qc6 34. Ne4 Rxd3 35. Qxd3 Be7 36. Ng3 Qxa4 37. Rf1 Qc4 0-1

[Event "Subotica-ch op"]
[Site "Subotica"]
[Date "2016.02.26"]
[Round "3"]
[White "Meszaros, Bela"]
[Black "Vadoc, Karolj"]
[Result "1-0"]
[WhiteElo "2224"]
[BlackElo "1840"]
[PlyCount "89"]
[EventDate "2016.02.22"]
[EventType "swiss"]
[EventRounds "9"]
[EventCountry "SRB"]
[SourceTitle "CBM 171 Extra"]
[Source "ChessBase"]
[SourceDate "2016.04.26"]
[SourceVersion "1"]
[SourceVersionDate "2016.04.26"]
[SourceQuality "1"]

1. e4 e6 2. d3 c5 3. Nd2 Nc6 4. Ngf3 g6 5. Nb3 Bg7 6. c3 d6 7. Bg5 Nge7 8. Qd2 0-0 9. Bh6 e5 10. h4 f6 11. d4 cxd4 12. Bc4+ Kh8 13. cxd4 d5 14. Bxg7+ Kxg7 15. exd5 Nxd5 16. dxe5 Nb6 17. Qxd8 Rxd8 18. exf6+ Kxf6 19. Bb5 Nb4 20. 0-0 Be6 21. Ng5 Bg8 22. Nc5 Rab8 23. a3 Nc2 24. Rad1 Nd4 25. Bd3 h6 26. Nh3 Nc4 27. Bxc4 Bxc4 28. Rfe1 b6 29. Ne4+ Kf7 30. Rd2 Nf5 31. Red1 Rxd2 32. Rxd2 Be6 33. Nf4 Nxh4 34. Rc2 Rd8 35. Rc6 Bf5 36. Nd6+ Ke7 37. Nxf5+ Nxf5 38. Nxg6+ Kf7 39. Ne5+ Ke7 40. g4 Rd1+ 41. Kh2 Nd6 42. Rc7+ Ke6 43. Nf3 Ne4 44. Kg2 a5 45. Rh7 1-0

[Event "Subotica-ch"]
[Site "Subotica"]
[Date "2015.02.27"]
[Round "6"]
[White "Vadoc, Karolj"]
[Black "Jovanovic, Milan B"]
[Result "0-1"]
[WhiteElo "1916"]
[BlackElo "1974"]
[PlyCount "80"]
[EventDate "2015.02.16"]
[EventType "swiss"]
[EventRounds "9"]
[EventCountry "SRB"]
[SourceTitle "CBM 165 Extra"]
[Source "ChessBase"]
[SourceDate "2015.04.21"]
[SourceVersion "1"]
[SourceVersionDate "2015.04.21"]
[SourceQuality "1"]

1. e4 d5 2. exd5 Qxd5 3. Nc3 Qa5 4. d4 Nf6 5. Nf3 Bf5 6. Bd3 Nc6 7. 0-0 Bg4 8. Ne4 Nxd4 9. Be3 Nxf3+ 10. gxf3 Bh5 11. b4 Qe5 12. Nc5 0-0-0 13. Nxb7 Rxd3 14. Qxd3 Kxb7 15. Qa3 Bxf3 16. Qxa7+ Kc8 17. Qa6+ Bb7 18. Qc4 Qd5 19. Qxd5 Nxd5 20. a3 Nxe3 21. fxe3 f6 22. Rad1 e6 23. c4 Bd6 24. c5 Be5 25. b5 Bd5 26. a4 Kb7 27. a5 c6 28. a6+ Ka7 29. e4 Bxe4 30. Rd7+ Ka8 31. b6 Bd5 32. Rc1 g5 33. b7+ Ka7 34. b8Q+ Kxb8 35. Rb1+ Ka8 36. Rbb7 Bd4+ 37. Kf1 Bxc5 38. Rxh7 Rxh7 39. Rxh7 Bc4+ 40. Kg2 Bxa6 0-1

[Event "Subotica-ch"]
[Site "Subotica"]
[Date "2015.02.18"]
[Round "2"]
[White "Pajzer, Istvan"]
[Black "Vadoc, Karolj"]
[Result "0-1"]
[WhiteElo "2071"]
[BlackElo "1916"]
[PlyCount "100"]
[EventDate "2015.02.16"]
[EventType "swiss"]
[EventRounds "9"]
[EventCountry "SRB"]
[SourceTitle "CBM 165 Extra"]
[Source "ChessBase"]
[SourceDate "2015.04.21"]
[SourceVersion "1"]
[SourceVersionDate "2015.04.21"]
[SourceQuality "1"]

1. d4 e6 2. c4 Nf6 3. Nf3 c5 4. e3 cxd4 5. exd4 d5 6. Bg5 Be7 7. Bxf6 Bxf6 8. cxd5 Qxd5 9. Nc3 Qa5 10. Bb5+ Bd7 11. Bxd7+ Nxd7 12. 0-0 0-0 13. Re1 Rad8 14. Ne4 h6 15. Re3 Be7 16. a3 Nf6 17. b4 Qf5 18. Ng3 Qd5 19. h3 Bd6 20. Ne2 b6 21. Rc1 Qb7 22. Rec3 Nd5 23. Rc6 Ne7 24. R6c3 Nd5 25. Rc6 Ne7 26. R6c2 Nd5 27. Qd2 Qa6 28. Ra2 Rc8 29. Rxc8 Rxc8 30. Ne5 Qa4 31. Ng3 Qb3 32. Ne4 Qb1+ 33. Kh2 Qxe4 34. g3 Qb1 35. Nd3 Rc3 36. Ne1 Qc1 37. Qe2 Rxa3 38. Rc2 Qg5 39. Rc8+ Kh7 40. Qb2 Bxb4 41. Qc2+ Qg6 42. Qc1 Qe4 43. Ng2 Rc3 44. Rxc3 Bxc3 45. Qa3 Bxd4 46. Qxa7 f6 47. Qa2 Qf3 48. Qc2+ f5 49. Kg1 Qxg3 50. h4 Nf4 0-1

[Event "Subotica-ch"]
[Site "Subotica"]
[Date "2013.05.13"]
[Round "1"]
[White "Nadj Hedjesi, Balind"]
[Black "Vadoc, Karolj"]
[Result "1-0"]
[WhiteElo "2388"]
[BlackElo "1967"]
[PlyCount "75"]
[EventDate "2013.05.13"]
[EventType "swiss"]
[EventRounds "9"]
[EventCountry "SRB"]
[SourceTitle "CBM 154 Extra"]
[Source "ChessBase"]
[SourceDate "2013.06.25"]
[SourceVersion "2"]
[SourceVersionDate "2013.06.25"]
[SourceQuality "1"]

1. Nf3 Nf6 2. b3 d5 3. Bb2 e6 4. e3 c5 5. Ne5 a6 6. f4 b6 7. Be2 Bb7 8. 0-0 Nc6 9. d3 Be7 10. Nd2 0-0 11. Ndf3 h6 12. Qe1 Nxe5 13. Nxe5 Nd7 14. Qg3 Nxe5 15. Bxe5 Bf6 16. Rf3 d4 17. e4 Bc8 18. Raf1 Ra7 19. Qg4 Kh7 20. Rg3 Rg8 21. Bxf6 gxf6 22. Qh4 f5 23. Qh5 Rxg3 24. hxg3 Qf6 25. e5 Qg6 26. Qh4 Qg8 27. Kf2 Qf8 28. Bf3 Bb7 29. Rh1 Bxf3 30. gxf3 Rd7 31. g4 fxg4 32. fxg4 Qg7 33. g5 Qg6 34. Qg4 h5 35. Rxh5+ Kg8 36. Rh6 Qg7 37. Qh5 Kf8 38. Rh7 1-0

[Event "Backa Topola-ch"]
[Site "Backa Topola"]
[Date "2012.11.30"]
[Round "6"]
[White "Vadoc, Karolj"]
[Black "Aleksic, Zvonimir"]
[Result "1-0"]
[WhiteElo "1976"]
[BlackElo "1911"]
[PlyCount "120"]
[EventDate "2012.11.19"]
[EventType "swiss"]
[EventRounds "9"]
[EventCountry "SRB"]
[SourceTitle "EXT 2014"]
[Source "ChessBase"]
[SourceDate "2013.11.20"]
[SourceVersion "1"]
[SourceVersionDate "2013.11.20"]
[SourceQuality "1"]

1. e4 e6 2. d4 d5 3. e5 c5 4. c3 Nc6 5. Nf3 Bd7 6. a3 Qb6 7. b4 cxd4 8. cxd4 Nh6 9. Bb2 Be7 10. Be2 Nf5 11. 0-0 0-0 12. Qd3 f6 13. Nbd2 fxe5 14. Nxe5 Nxe5 15. dxe5 a6 16. Nf3 Bb5 17. Qd2 Bxe2 18. Qxe2 Rac8 19. Qd2 Rc4 20. h3 Rfc8 21. Rac1 Qd8 22. Nd4 Nxd4 23. Bxd4 Qf8 24. Rc3 Rxc3 25. Bxc3 Qf5 26. Rd1 Rc4 27. Bd4 b5 28. Kh2 Bg5 29. Qd3 Qxd3 30. Rxd3 Bc1 31. Bc5 Bb2 32. Bd6 Re4 33. Rf3 Bxe5+ 34. Bxe5 Rxe5 35. Rc3 Kf7 36. Rc6 d4 37. Rc2 Kf6 38. Rd2 Rd5 39. Kg3 e5 40. f3 Rd6 41. Kf2 Rc6 42. f4 Rc3 43. fxe5+ Kxe5 44. Re2+ Kd5 45. Re7 Rxa3 46. Rxg7 Kc4 47. Rxh7 Kxb4 48. h4 Ra2+ 49. Kf3 Kc3 50. h5 d3 51. Rc7+ Kd2 52. h6 Ra1 53. g4 Rh1 54. g5 Kd1 55. h7 d2 56. g6 Ke1 57. Re7+ Kf1 58. Rd7 Rh3+ 59. Kg4 Rh2 60. Rxd2 Rxd2 1-0

[Event "Backa Topola-ch"]
[Site "Backa Topola"]
[Date "2012.11.28"]
[Round "5"]
[White "Vadoc, Karolj"]
[Black "Holobica, Laszlo"]
[Result "1/2-1/2"]
[WhiteElo "1976"]
[BlackElo "1692"]
[PlyCount "36"]
[EventDate "2012.11.19"]
[EventType "swiss"]
[EventRounds "9"]
[EventCountry "SRB"]
[SourceTitle "EXT 2014"]
[Source "ChessBase"]
[SourceDate "2013.11.20"]
[SourceVersion "1"]
[SourceVersionDate "2013.11.20"]
[SourceQuality "1"]

1. e4 d5 2. exd5 Qxd5 3. Nc3 Qa5 4. d4 c6 5. Nf3 Bg4 6. Be2 e6 7. 0-0 Nf6 8. h3 Bh5 9. Ne5 Bxe2 10. Qxe2 Nbd7 11. Re1 Qc7 12. Nxf7 Kxf7 13. Qxe6+ Kg6 14. g4 h6 15. Qf5+ Kf7 16. Bf4 Qc8 17. Qe6+ Kg6 18. Qf5+ Kf7 1/2-1/2

[Event "Backa Topola-ch"]
[Site "Backa Topola"]
[Date "2011.11.30"]
[Round "9"]
[White "Vadoc, Karolj"]
[Black "Golupski, Vladislav"]
[Result "1-0"]
[WhiteElo "1992"]
[BlackElo "1908"]
[PlyCount "51"]
[EventDate "2011.11.11"]
[EventType "swiss"]
[EventRounds "9"]
[EventCountry "SRB"]
[SourceTitle "CBM 145 Extra"]
[Source "ChessBase"]
[SourceDate "2012.01.03"]
[SourceVersion "1"]
[SourceVersionDate "2012.01.03"]
[SourceQuality "1"]

1. e4 d6 2. d4 Nf6 3. Nc3 Nbd7 4. f4 e5 5. Nf3 exd4 6. Nxd4 g6 7. Be2 Bg7 8. 0-0 0-0 9. f5 Re8 10. fxg6 hxg6 11. Bg5 c6 12. Kh1 Qb6 13. Bc4 Qc5 14. Bxf6 Bxf6 15. Bb3 Kg7 16. Nde2 Rh8 17. Qd2 Ne5 18. Qf4 Ng4 19. h3 g5 20. Qf3 Qe5 21. Ng3 Bd7 22. Rad1 b5 23. Nce2 Qc5 24. Nd4 Qe5 25. Ndf5+ Bxf5 26. Nxf5+ 1-0

[Event "Backa Topola-ch"]
[Site "Backa Topola"]
[Date "2011.11.28"]
[Round "8"]
[White "Marinkovic, Bogdan"]
[Black "Vadoc, Karolj"]
[Result "1/2-1/2"]
[WhiteElo "1853"]
[BlackElo "1992"]
[PlyCount "32"]
[EventDate "2011.11.11"]
[EventType "swiss"]
[EventRounds "9"]
[EventCountry "SRB"]
[SourceTitle "CBM 145 Extra"]
[Source "ChessBase"]
[SourceDate "2012.01.03"]
[SourceVersion "1"]
[SourceVersionDate "2012.01.03"]
[SourceQuality "1"]

1. e4 e5 2. Nf3 Nc6 3. d4 exd4 4. Nxd4 Bc5 5. Nxc6 Qf6 6. Qd2 Qxc6 7. Bd3 Nf6 8. 0-0 d6 9. h3 0-0 10. Qe2 h6 11. Nc3 a6 12. Be3 Bxe3 13. Qxe3 Be6 14. Rfe1 Rad8 15. Qf3 Rfe8 16. a3 Qc5 1/2-1/2

[Event "Backa Topola-ch"]
[Site "Backa Topola"]
[Date "2010.11.26"]
[Round "5"]
[White "Szabo, Nikita"]
[Black "Vadoc, Karolj"]
[Result "0-1"]
[WhiteElo "1608"]
[BlackElo "1974"]
[PlyCount "56"]
[EventDate "2010.11.17"]
[EventType "swiss"]
[EventRounds "9"]
[EventCountry "SRB"]
[SourceTitle "EXT 2019"]
[Source "ChessBase"]
[SourceDate "2018.10.10"]
[SourceVersion "1"]
[SourceVersionDate "2018.10.10"]
[SourceQuality "1"]

1. d4 Nf6 2. c4 e6 3. Nc3 c5 4. d5 exd5 5. cxd5 d6 6. e4 g6 7. Nf3 Bg7 8. Bg5 0-0 9. Bd3 a6 10. a4 Nbd7 11. 0-0 Re8 12. Nd2 h6 13. Bh4 Qc7 14. Nc4 Ne5 15. Nxe5 Rxe5 16. Bg3 Re8 17. Re1 Nh5 18. Qf3 Nxg3 19. Qxg3 Bd7 20. Re2 b5 21. axb5 axb5 22. Ree1 c4 23. Bc2 b4 24. Ne2 b3 25. Rxa8 Rxa8 26. Bb1 Bxb2 27. Nf4 Be5 28. Qf3 Ra1 0-1

[Event "Backa Topola-ch"]
[Site "Backa Topola"]
[Date "2010.11.19"]
[Round "2"]
[White "Vadoc, Karolj"]
[Black "Sedlak, Ivan"]
[Result "0-1"]
[WhiteElo "1974"]
[BlackElo "2175"]
[PlyCount "96"]
[EventDate "2010.11.17"]
[EventType "swiss"]
[EventRounds "9"]
[EventCountry "SRB"]
[SourceTitle "EXT 2019"]
[Source "ChessBase"]
[SourceDate "2018.10.10"]
[SourceVersion "1"]
[SourceVersionDate "2018.10.10"]
[SourceQuality "1"]

1. e4 e6 2. d4 d5 3. e5 c5 4. c3 Qb6 5. Nf3 Bd7 6. Be2 Nc6 7. 0-0 cxd4 8. cxd4 Rc8 9. Nc3 Nh6 10. Rb1 Nf5 11. Be3 Be7 12. Qd2 0-0 13. Bd3 Nxe3 14. fxe3 f6 15. exf6 Bxf6 16. Na4 Qc7 17. Nc5 e5 18. Nxd7 Qxd7 19. dxe5 Nxe5 20. Nxe5 Bxe5 21. Rxf8+ Rxf8 22. Rf1 Rd8 23. Qf2 Bf6 24. Qc2 h6 25. Kh1 Qe7 26. Qf2 Qe5 27. b3 Re8 28. Bg6 Rc8 29. Qf5 Qxf5 30. Bxf5 Re8 31. Re1 d4 32. e4 Be5 33. g3 Kf7 34. Bd7 Rd8 35. Bb5 a6 36. Bc4+ Ke7 37. Bd5 b5 38. Rc1 Rf8 39. Kg2 a5 40. Rc2 h5 41. Rc1 g5 42. Rc2 g4 43. Rc1 Rf3 44. Rc2 Rc3 45. Rd2 d3 46. Kf1 Rc1+ 47. Kf2 Bd4+ 48. Kg2 Rc2 0-1